000 01942nam a2200337 a 4500
001 ebr10389542
003 CaPaEBR
006 m u
007 cr cn|||||||||
008 020712s2003 ilua sb 101 0 eng
010 _z 2002010963
020 _z0226551784 (cloth : alk. paper)
020 _z9780226551784
020 _z9780226551791 (e-book)
040 _aCaPaEBR
_cCaPaEBR
035 _a(OCoLC)642206239
050 1 4 _aR852
_b.M383 2003eb
082 0 4 _a362.1/068
_221
245 0 0 _aMeasuring the gains from medical research
_h[electronic resource] :
_ban economic approach /
_cedited by Kevin M. Murphy and Robert H. Topel.
260 _aChicago :
_bUniversity of Chicago Press,
_cc2003.
300 _avi, 263 p. :
_bill.
504 _aIncludes bibliographical references and indexes.
505 0 _aThe health of nations: the contribution of improved health to living standards / William D. Nordhaus -- The economic value of medical research / Kevin M. Murphy and Robert Topel -- Pharmaceutical innovation, mortality reduction, and economic growth / Frank R. Lichtenberg -- The return to biomedical research: treatment and behavioral effects / David M. Cutler and Srikanth Kadiyala -- Biomedical research and then some: the causes of technological change in heart attack treatment / Paul Heidenreich and Mark McClellan -- Can medical cost-effectiveness analysis identify the value of research? / David Meltzer.
533 _aElectronic reproduction.
_bPalo Alto, Calif. :
_cebrary,
_d2013.
_nAvailable via World Wide Web.
_nAccess may be limited to ebrary affiliated libraries.
650 0 _aMedicine
_xResearch
_xCost effectiveness
_vCongresses.
655 7 _aElectronic books.
_2local
700 1 _aMurphy, Kevin M.
700 1 _aTopel, Robert H.
710 2 _aebrary, Inc.
856 4 0 _uhttp://site.ebrary.com/lib/rucke/Doc?id=10389542
_zAn electronic book accessible through the World Wide Web; click to view
999 _c197164
_d197164